000 00459nam a2200157 i 4500
001 71555
003 ES-MaACL
005 20230906171149.0
007 t|
008 040812s1924 it ||||1| ita d
100 1 _aGentile, Nicola.
_956360
245 1 3 _aLa Medicina psicológica nella practica medica quotidiana /
_cNicola Gentile.
260 _aTorino :
_bFratelli Bocca,
_c1924 (
_fImp. Olivero)
300 _a258 p. ;
_c21 cm.
852 _aES-MaACL
_jF-5055
999 _c71555
_d71555